|
|
|
|
| LEADER |
00000cam a2200000 7i4500 |
| 001 |
0000002963 |
| 005 |
20040325.0 |
| 020 |
0 |
0 |
|a 1844070239
|
| 090 |
0 |
0 |
|a 333.75095
|b LOC 2003
|
| 245 |
0 |
0 |
|a LOCAL forest management :
|b the impacts of devolution policies
|c edited by David Edmunds and Eva Wollenberg
|
| 260 |
0 |
0 |
|a London :
|b Earthscan Pub. ,
|c 2003
|
| 300 |
|
|
|a xv, 208 p. ;
|c 24 cm.
|
| 500 |
0 |
0 |
|a Includes bibliographical references : (p. 188)-203 and index
|
| 650 |
0 |
0 |
|a Forest policy
|z China
|
| 650 |
0 |
0 |
|a Forest Policy
|z India
|
| 650 |
0 |
0 |
|a Forest policy
|z Philippines
|
| 700 |
0 |
1 |
|a Edmunds
|h David
|
| 700 |
0 |
1 |
|a Wollenberg
|h Eva
|
| 998 |
|
|
|a JPSM
|
| 999 |
|
|
|a 0000005219
|b Monograph
|c Open Shelf
|e Default branch
|